• 首页
  • 本馆介绍
  • 公告通知
  • 最新文献
  • 馆藏检索
  • 电子资源
  • 读者导购
  • 参考咨询
  • 我的图书馆
  • 登录
  • 详细信息显示
  • 放入我的书架
  • 预约/预借图书
  • 作者相关作品
  • 分类相关作品
  • 丛书相关作品
  • 出版社相关作品

书目信息

  • 表格格式
  • 工作单格式
  • 卡片格式
题名:
中国舞基训常用动作选
    
 
作者: 孙光言 , 徐大之 编著
分册:  
出版信息: 北京   人民音乐出版社  2008.05
页数: 166页
开本: 30cm
丛书名:
单 册:
中图分类: J721.7
科图分类:
主题词: 舞谱--中国--现代
电子资源:
ISBN: 978-7-103-03302-9
000 00808nam0 2200241 450
001 012004251834
005 20091208152616.87
010    @a978-7-103-03302-9@dCNY29.00
100    @a20080617d2008 em y0chiy0110 ea
101 0  @achi
102    @aCN@b110000
105    @aa z 000yy
106    @ar
200 1  @a中国舞基训常用动作选@9zhong guo wu ji xun chang yong dong zuo xuan@e普及版@f孙光言,徐大之编著
210    @a北京@c人民音乐出版社@d2008.05
215    @a166页@c图@d30cm
330    @a本书收集了部分传统的、民族风格较强的基本的舞姿、转、翻身和跳跃等技术性动作,也收纳了部分当代发展的舞蹈动作。
606 0  @a舞谱@y中国@z现代
690    @aJ721.7@v4
701  0 @a孙光言@9sun guang yan@4编著
701  0 @a徐大之@9xu da zhi@4编著
801  0 @aCN@bNLC@c20091208
905    @b20796492-96@dJ721.7@e107@f5
    
    中国舞基训常用动作选:普及版/孙光言,徐大之编著.-北京:人民音乐出版社,2008.05
    166页:图;30cm
    
    
    ISBN 978-7-103-03302-9:CNY29.00
    本书收集了部分传统的、民族风格较强的基本的舞姿、转、翻身和跳跃等技术性动作,也收纳了部分当代发展的舞蹈动作。
●
相关链接 在E读中查询图书 在五车中查询图书 在当当中查询图书 在豆瓣中查询图书


正题名:中国舞基训常用动作选     索取号:J721.7/107         预约/预借

序号 登录号 条形码 馆藏地/架位号 状态 备注
1 796492   207964924   第一样本阅览室/ [索取号:J721.7/107] 在馆    
2 796493   207964933   第一借阅区/ [索取号:J721.7/107] 在馆    
3 796494   207964942   第一借阅区/ [索取号:J721.7/107] 在馆    
4 796495   207964951   第一借阅区/ [索取号:J721.7/107] 在馆    
5 796496   207964960   音乐系资料室/ [索取号:J721.7/107] 在馆    
唐山师范学院图书馆 欢迎您!
大连网信软件有限公司© 版权所有